Očarovaný dom

Bibliographic Details
Main Author: Beneš, Karel Josef, 1896-1969 (Author)
Other Authors: Pišút, Milan, 1908-1984 (Author of afterword, colophon, etc.), Nižnanský, Jozef R., 1925-1996 (Translator)
Format: Book
Language:Slovak
Czech
PhysicalDescription:314 s. 21 cm
Published: Bratislava Tatran 1966
Series:Prameň
Subjects:

MARC

LEADER 00000cam a2200000 a 4500
001 vtls001266082
003 SK-MaSNL
005 20260302032326.0
008 210928s1966 xo gr 01001 slo
015 |a SNBA1966/08-01384 
020 |q (viaz.) 
035 |a SNK000217018 
040 |a SNK  |b slo  |c SNK  |e AACR2 
041 1 |a slo  |h cze 
044 |a xo  |c SK 
072 7 |a 821.162.3  |x Česká literatúra  |2 konspekt 
080 |a 821.162.3-31  |2 2011 
100 1 |a Beneš, Karel Josef,  |d 1896-1969  |4 aut  |9 120956 
240 1 0 |a Kouzelný dům  |l Slovensky 
245 1 0 |a Očarovaný dom  |c K.J. Beneš ; [preložil Jozef Nižnanský ; doslov napísal Milan Pišút] 
260 |a Bratislava  |b Tatran  |c 1966 
300 |a 314 s.  |c 21 cm 
366 |e 5000 výt. 
490 1 |a Prameň  |v 111 
655 7 |a české romány  |2 SNKPH  |9 70600 
655 7 |a Czech fiction  |2 SNKPHeng  |9 293641 
700 1 |a Pišút, Milan,  |d 1908-1984  |4 aft  |9 106532 
700 1 |a Nižnanský, Jozef R.,  |d 1925-1996  |4 trl  |9 37106 
830 0 |a Prameň  |9 280290 
852 |a Slovenská národná knižnica 
954 |a beletria cudzojazyčná (svetová)  |2 lita 
958 |a OND 
958 |a UP 
968 |b ČES 
999 |c 1055950  |d 1057880 
952 |a SNK  |b SNK  |y PREZ  |7 0  |p 17A0892290  |o snkSC 21718  |i snkKSP 5135/66  |0 0  |1 0  |4 0  |d 1996-11-13  |l 0  |r 2005-01-01 00:00:00  |w 2026-02-24 
952 |a SNK  |b SNK  |y VYP  |7 0  |p 17A1346331  |o snkSC 21718 D1  |i snkKSP 5136/66  |0 0  |1 0  |4 0  |d 1996-11-13  |l 0  |r 2005-01-01 00:00:00  |w 2026-02-24